Bienvenue à la Médiathèque de Saint-Andiol
banniere
Accueil Recherche avancée Mon compte
handi1 Rechercher dans le catalogue

Filtre   Mots-clés
  Recherche avancée
 
Lister les dernières nouveautés
 
Lister les livres GROS CARACTERES
 
Lister les périodiques (magazines)

handi1 femme de ménage se marie (La)

Book Cover
Auteur principal : Freida McFadden
Autres auteurs : Karine Forestier
Titre : femme de ménage se marie (La)
Support : Livres
Langue : Francais
Publié : DL 2025 City poche [Bernay]
Genre : Policier
Sujets :
Étiquettes :
Pas de tags
LEADER 01428nam0a2200205 450
001 16868266
010 |a 978-2-8246-2942-1  |b br.  |d 4,9 € 
100 |a 20260509d2026 u u0frey01 ba 
101 1 |a fre  |c eng 
102 |a FR 
200 0 |a femme de ménage se marie (La)  |f Freida McFadden  |g traduit de l'anglais par Karine Forestier 
207 1 |a   
210 |a [Bernay]  |c City poche  |d DL 2025 
215 |a 1 vol. (106 p.)  |d 18 cm 
330 |a Aujourd hui est censé être le plus beau jour de la vie de Millie. La femme de ménage se marie avec Enzo, l homme de ses rêves, et rien ne peut gâcher son bonheur. D autant que ses parents, avec lesquels elle est brouillée depuis quinze ans, ont promis d assister à la cérémonie.Mais alors qu elle devrait se préoccuper uniquement de sa robe et de sa coiffure, Millie est confrontée à un sérieux problème : quelqu un ne veut pas qu elle vive assez longtemps pour prononcer ses vSux. Quelqu un qui épie ses faits et gestes, jusque dans sa chambre.Prise au piège, Millie décide pourtant de ne pas se laisser intimider. Elle se mariera coûte que coûte, pour le meilleur et pour le pire. Mais le pire pourrait bien arriver plus tôt que prévu& 
700 0 |a McFadden  |b Freida  |f 1980-....  |4 70 
702 0 |a Forestier  |b Karine  |f 19..-....  |4 730 
900 |a Policier 
901 |a Adultes 
995 |a Médiathèque  |c Médiathèque  |f 089021853  |h 089021853  |k RP MCF  |o p  |q a  |r az  |e Médiathèque